000 00439nab a2200145Ia 4500
003 ES-SlBCS
005 20210601124257.0
008 140529s1950 xxu||||| |||| 00| 0 eng d
041 _aeng
100 1 _aCuningham, Fabian
_9138954
245 0 0 _aSermon of St. Leo the Grear on the Assumptiom
_c Fabian Cuningham
600 1 4 _aLeón Grande, San
_9138955
773 0 _tDominicana
_gvol. 35, nº. 4, 1950, págs. 241-244
_wRev1398
942 _cAR
999 _c512168
_d512168